Statistics for Members of Beast (Kpop)

Click here to take the quiz!

General Stats

  • This quiz has been taken 139 times
  • The average score is 5 of 6

Answer Stats

HintAnswer% Correct
Yo Seob
95%
Gi Kwang
92%
Du Jun
89%
Dong Woon
82%
Jun Hyung
80%
Hyun Seung
77%

Score Distribution

Percentile by Number Answered

Percent of People with Each Score

Your Score History

You have not taken this quiz